Statistics for ben 10 omniverse alien quiz

Click here to take the quiz!

General Stats

  • This quiz has been taken 14 times
  • The average score is 7 of 16

Answer Stats

HintAnswer% Correct
electric black alienfeed back
90%
legobloxx
70%
fairypesky dust
60%
big confident frogbullfrag
50%
controls gravity and can make black holesgravattack
50%
giant hawk mankickin hawk
50%
mustachemolestache
50%
sucksthe worst
50%
flying dinosaur from the same planet as humungousaurastrodactyl
40%
a little weevilball weevil
40%
grass hoppercrashhopper
40%
vampirewhampire
40%
a robot nukeatomix
30%
sacred zombozotoe pick
30%
minisharkwalkatrout
30%
has bad breathgutrot
10%

Score Distribution

Percentile by Number Answered

Percent of People with Each Score

Your Score History

You have not taken this quiz